000 00629nam a22001817a 4500
999 _c62280
_d62280
005 20240913113541.0
008 240913s2021 enk||||| |||| 00| 0 eng d
020 _a9781789908244x
041 _aeng
080 _a351:005 H-22
245 _aHandbook of Theories of Public Administration and Management /
_cEdited by Thomas A. Bryer.
264 _aCheltenham :
_bEdward Elgar,
_c2021.
300 _a339 p.;
_b25 cm.
653 _aსაჯარო მმართველობა
653 _aმენეჯმენტი
700 _aThomas A. Bryer
_eრედაქტორი
_923212
942 _2udc
_cᲬᲘᲒᲜᲘ